000
00212 a2200109 4500
020
_a
9780836890563
041
_a
spa
100
_a
Pohl, Kathleen
245
_a
Descubramos Afganistan
942
_c
BK
952
_7
4
999
_c
16548
_d
16548